000 00252nam a22000977a 4500
100 _aThakur,Vipin
_980084
245 _aIndia's Relation with Asian Countries
260 _aNew Delhi
_bNeha Publisher
_c2019
650 _aforgion Policy
_980085
942 _cBK
999 _c63568
_d63568